| 000 | 00652nam a2200193 i 4500 | ||
|---|---|---|---|
| 001 | 128827 | ||
| 003 | ES-MaACL | ||
| 005 | 20251222184528.0 | ||
| 007 | t| | ||
| 008 | 070528s1909 fr ||||1| fre d | ||
| 100 | 1 |
_aTardieu, André. _9109273 |
|
| 245 | 1 | 3 |
_aLe prince de Bülow _b: l'homme et le milieu, la politique extérieure, la politique intérieure / _cAndré Tardieu. |
| 260 |
_a[s.l. : _bs.n.], _c1909 ( _eLagny : _fE. Grevin) |
||
| 300 |
_a373 p. ; _c19 cm. |
||
| 600 | 1 | 4 |
_aBülow, Bernhard, _cFürst von, _d1849-1929 _932534 |
| 651 | 4 |
_aAlemania- _xHistoria- _y1871-1918. _97660 |
|
| 852 |
_aES-MaACL _jD-3535 |
||
| 999 |
_c128827 _d128827 |
||